Landmarks - Statistics

General Stats
  • This quiz has been taken 5 times
  • The average score is 3 of 10
Answer Stats
Landmarks % Correct
Eiffel Tower
100%
Grand Canyon
75%
Taj Mahal
50%
Great Barrier Reef
25%
Leaning Tower of Pisa
25%
Mount Everest
25%
Victoria Falls
25%
Aurora Borealis
0%
Great Wall of China
0%
Pyramids of Giza
0%
No matching quizzes found
Score Distribution
Percent of People with Each Score
Percentile by Number Answered
Your Score History
You have not taken this quiz